000 00584nam a2200205Ia 4500
005 20241129110242.0
008 241129s9999||||xx |||||||||||||| ||und||
037 _aTB
040 _aARTS
_beng
_cARTS
041 _aeng
_2urd
084 _aV2,1wK15 168Q2
_qARTS
100 _aShakeelurrehman Au.
_9190085
245 0 _aMohammad Dara Shikoh
_cShakeelurrehman Au.
260 _aNew Delhi, India
_bNew Nirali duniya publications
_c2012
300 _a111p.
365 _aINR
_b200
650 _aHistory-India
942 _cTB
_hV2,1wK15 168Q2
999 _c1227899
_d1227899